Psicoanálisis de la guerra

Saved in:
Bibliographic Details
Main Author: Fornari, Franco (Author)
Format: Book
Language:Spanish
Published: Madrid Siglo Veintiuno Editores 1972
Edition:1a. ed
Subjects:
Tags: Add Tag
No Tags, Be the first to tag this record!

MARC

LEADER 00000cam a2200000 a 4500
001 UCF8607
003 CL-VaPUC
008 130930e19720000sp |||||||||||||||||spa|d
082 0 4 |a 355.02  |b FOR  |2 21 
100 0 |a Fornari, Franco  |e author  |9 570723 
245 1 0 |a Psicoanálisis de la guerra 
250 |a 1a. ed 
300 |a 286 p 
942 |c BK 
945 |d 20130930 13:19:00  |a dcastane 
260 |a Madrid  |b Siglo Veintiuno Editores  |c 1972 
650 0 |a Guerra  |9 255876 
650 0 |a Psicología   |9 257863 
650 0 |a Psicoanálisis   |9 265702 
650 0 |a Crítica e interpretación   |9 255042 
583 |a last modification  |c 20130930 13:19:00  |k Rodrigo Vera 
999 |c 353174  |d 353172 
952 |0 0  |1 0  |3 erb  |4 0  |6 355_020000000000000_FOR_1972  |7 0  |8 P  |9 458252  |a BIBEDU  |b BIBEDU  |c BIBEDU_PB  |d 2019-11-23  |i 5002486  |o 355.02 FOR 1972  |p 5002486  |r 2024-01-25  |w 2019-11-23  |y BK  |z Catalogado en:20130930  |k PSI